Top 15 Countries with Covid-19 Cases - 18 May 2022 - Statistics

General Stats
  • This quiz has been taken 33 times
  • The average score is 15 of 29
Answer Stats
country % Correct
United States
97%
Brazil
94%
France
94%
United Kingdom
94%
Germany
91%
India
91%
Russia
91%
Italy
81%
Spain
81%
Argentina
72%
Japan
69%
Portugal
63%
South Korea
63%
Netherlands
53%
Netherlands
53%
Turkey
53%
Belgium
50%
Austria
47%
Denmark
41%
Switzerland
34%
Vietnam
31%
Slovenia
22%
Czechia
19%
Israel
16%
Estonia
13%
Latvia
13%
Lithuania
13%
Cyprus
6%
Georgia
6%
No matching quizzes found
Score Distribution
Percent of People with Each Score
Percentile by Number Answered
Your Score History
You have not taken this quiz